000 nam a22 7a 4500
999 _c9601
_d9601
008 180205b ||||| |||| 00| 0 eng d
100 _aBhanot, D P
_95736
245 _aCommunication english course teachers manual -VIII
260 _aNew delhi
_bHoly Faith Publication
_c2008